Indian agriculture since independence (Record no. 3269)

MARC details
000 -LEADER
fixed length control field 00651 a2200205 4500
010 ## - LIBRARY OF CONGRESS CONTROL NUMBER
LC control number ENG-85743
020 ## - INTERNATIONAL STANDARD BOOK NUMBER
International Standard Book Number 8123749440
Terms of availability 350.00
035 ## - SYSTEM CONTROL NUMBER
System control number EN-69276
037 ## - SOURCE OF ACQUISITION
Source of stock number/acquisition D.B.Act / Pub
082 14 - DEWEY DECIMAL CLASSIFICATION NUMBER
Classification number 630.954
090 ## - LOCALLY ASSIGNED LC-TYPE CALL NUMBER (OCLC); LOCAL CALL NUMBER (OCLC)
-- 3334
-- 3334
100 1# - MAIN ENTRY--PERSONAL NAME
Personal name Bhalla, G S
245 2# - TITLE STATEMENT
Title Indian agriculture since independence
Statement of responsibility, etc G S Bhalla
260 ## - PUBLICATION, DISTRIBUTION, ETC. (IMPRINT)
Place of publication, distribution, etc New Delhi
Name of publisher, distributor, etc National Book Trust, India
Date of publication, distribution, etc 2007
270 ## - ADDRESS
Address A-5, Green Parkl
City New Delhi
State or province Delhi
Postal code 110 016
300 ## - PHYSICAL DESCRIPTION
Extent xi, 348p.
Dimensions 22cm (Hb)
490 ## - SERIES STATEMENT
Series statement Popular social science
942 ## - ADDED ENTRY ELEMENTS (KOHA)
Institution code [OBSOLETE] dpl
Koha item type English Books
Call number prefix 630.954 / BHA
Holdings
Withdrawn status Lost status Source of classification or shelving scheme Damaged status Not for loan Collection code Home library Current library Source of acquisition Cost, normal purchase price Total Checkouts Full call number Barcode Date last seen Copy number Uniform Resource Identifier Cost, replacement price Price effective from Koha item type
    Dewey Decimal Classification   Not For Loan Non-fiction D.B.Act.Division D.B.Act.Division DBAD/PUB 350.00   630.954 BHA EN-69276 15/09/2008 1 3480 350.00 15/09/2008 English Books

© Delhi Public Library
Hit Counter
free hit counter